Countries in FIFA World Cup 2018 - Statistics

General Stats
  • This quiz has been taken 36 times
  • The average score is 28 of 32
Answer Stats
Group (Rank) Country % Correct
CONMEBOL Argentina
100%
EUFA (Champions) France
100%
EUFA (3rd Place) Belgium
96%
CONMEBOL Brazil
96%
UEFA (Runners-Up) Croatia
96%
EUFA Portugal
96%
EUFA Sweden
96%
CONMEBOL Colombia
92%
CONCACAF Mexico
92%
EUFA Poland
92%
EUFA (Hosts) Russia
92%
EUFA Spain
92%
EUFA Switzerland
92%
CONMEBOL Uruguay
92%
EUFA Denmark
88%
EUFA (4th Place) England
88%
EUFA Germany
88%
AFC Japan
88%
CONMEBOL Peru
88%
CONCACAF Costa Rica
85%
CAF Egypt
85%
AFC Iran
85%
CAF Senegal
85%
AFC South Korea
85%
CAF Morocco
81%
CAF Nigeria
81%
EUFA Serbia
81%
CAF Tunisia
77%
AFC Australia
73%
CONCACAF Panama
73%
AFC Saudi Arabia
73%
EUFA Iceland
69%
No matching quizzes found
Score Distribution
Percent of People with Each Score
Percentile by Number Answered
Your Score History
You have not taken this quiz